Vista normal
Vista MARC
Entrada Personal Name
Número de registros utilizados en: 1
001 - CONTROL NUMBER
- control field: 38447
003 - CONTROL NUMBER IDENTIFIER
- control field: OSt
005 - DATE AND TIME OF LATEST TRANSACTION
- control field: 20210714112855.0
008 - FIXED-LENGTH DATA ELEMENTS
- fixed length control field: 210714|| aca||aabn | a|a d
040 ## - CATALOGING SOURCE
- Original cataloging agency: OSt
- Transcribing agency: OSt
100 ## - HEADING--PERSONAL NAME
- Personal name: Parra, Aura Janeth
670 ## - SOURCE DATA FOUND
- Source citation: Work cat.: (OSt)11912: Sánchez, Fabio, autor 15885, Ahorro, inversión y perspectivas de Colombia / , 1992.